|
|
|
|
| LEADER |
01215cam a2200337 a 4500 |
| 001 |
c000287120 |
| 003 |
CARM |
| 005 |
20081001135533.0 |
| 008 |
780615s1978 enkaf b 001 0 eng d |
| 010 |
|
|
|a 78313494
|
| 015 |
|
|
|a GB***
|
| 019 |
1 |
|
|a 1226401
|z 40266697
|5 LACONCORD2021
|
| 020 |
|
|
|a 0091322707 :
|c £6.50
|
| 020 |
|
|
|a 0091322715 (pbk.)
|
| 035 |
|
|
|a (OCoLC)4077124
|5 LACONCORD2021
|
| 040 |
|
|
|a LC
|b eng
|c LC
|d ABN-SNR
|d VCAV
|
| 043 |
|
|
|a e-uk---
|
| 050 |
0 |
0 |
|a DA655
|b .D6
|
| 082 |
0 |
4 |
|a 069.53
|
| 100 |
1 |
|
|a Dobby, Alan.
|
| 245 |
1 |
0 |
|a Conservation and planning /
|c Alan Dobby.
|
| 260 |
|
|
|a London :
|b Hutchinson,
|c 1978.
|
| 300 |
|
|
|a 173 p., [2] leaves of plates :
|b ill. ;
|c 23 cm.
|
| 440 |
|
4 |
|a The built environment.
|
| 490 |
0 |
|
|a The Built environment series
|
| 504 |
|
|
|a Includes bibliographical references and index.
|
| 650 |
|
0 |
|a Historic sites
|z Great Britain
|x Conservation and restoration.
|
| 650 |
|
0 |
|a Historic sites
|x Conservation and restoration.
|
| 852 |
8 |
|
|b CARM
|h A1:AR21B0
|i B10858
|p 0513355
|f BK
|
| 999 |
f |
f |
|i 8ac453c9-b978-58e2-8d8d-6eedc1ab3cc9
|s 2b09ea72-c7f6-5842-a9c5-958e4c8203f0
|
| 952 |
f |
f |
|p Can circulate
|a CAVAL
|b CAVAL
|c CAVAL
|d CARM 1 Store
|e B10858
|f A1:AR21B0
|h Other scheme
|i book
|m 0513355
|